Statistical Methods (Record no. 43415)

MARC details
000 -LEADER
fixed length control field 00527nam a22001937a 4500
005 - DATE AND TIME OF LATEST TRANSACTION
control field 20250326155025.0
008 - FIXED-LENGTH DATA ELEMENTS--GENERAL INFORMATION
fixed length control field 250326b |||||||| |||| 00| 0 eng d
020 ## - INTERNATIONAL STANDARD BOOK NUMBER
International Standard Book Number 9780128230435
041 ## - LANGUAGE CODE
Language code of text/sound track or separate title Eng.
082 ## - DEWEY DECIMAL CLASSIFICATION NUMBER
Classification number 519.5 MOH
100 ## - MAIN ENTRY--PERSONAL NAME
Author Mohr, Donna L.
245 ## - TITLE STATEMENT
Title Statistical Methods
250 ## - EDITION STATEMENT
Edition statement 4th
260 ## - PUBLICATION, DISTRIBUTION, ETC.
Place UK
Publisher Academic Press
Publication Year 2020
300 ## - PHYSICAL DESCRIPTION
Extent 754;. P. 23 cm
650 ## - SUBJECT ADDED ENTRY--TOPICAL TERM
Subject General Management; Mathematics; Statistics; Statistical Methods
700 ## - ADDED ENTRY--PERSONAL NAME
Co-Author Freund, Rudolf and Wilson, William
942 ## - ADDED ENTRY ELEMENTS (KOHA)
Koha item type Books
Holdings
Withdrawn status Lost status Source of classification or shelving scheme Damaged status Not for loan Home library Current library Shelving location Accession Date Vendor Price Bill number Full call number Barcode No Date last seen Discount Bill Date Koha item type Suggested By
    Dewey Decimal Classification     IMTN IMTN Rack 19-A 03/19/2025 Raghav Books Private Limited 7354.50 2374 519.5 MOH 33706 03/26/2025 33 02/14/2025 Books Dr. Shanthi Perumal
Designed & Maintained by: LRC IMT Nagpur Contact: lrc@imtnag.ac.in© 2024. All Rights Reserved.